000 00843nam a2200241 i 4500
001 bg
100 1 _aMODZELEWSKA-WĄCHAL, Elżbieta
245 1 0 _aPomoc publiczna dla przedsiębiorców i jej nadzorowanie :
_bprzepisy i komentarz /
_cElżbieta Modzelewska-Wąchal, Piotr Pełka, Mikołaj Stasiak ; pod red. Elżbiety Modzelewskiej-Wąchal.
250 _aStan prawny na dzień 1 września 2001 r.
260 _aWarszawa :
_bWydaw. Prawnicze "LexisNexis",
_c2001.
300 _a303, [1] s. ;
_c21 cm.
504 _aBibliogr. Indeks.
650 9 _aPomoc publiczna
_xprawo
_zPolska
_ystan na 2001 r.
700 1 _aPEŁKA, Piotr
700 1 _aSTASIAK, Mikołaj
020 _a8388296965
040 _cBPK
041 0 _apl
080 _a346.54(438)
920 _a83-88296-96-5
942 _cKS
008 s pl f |000 0 pol
999 _c41570
_d41570
856 _uhttp://koha.tu.koszalin.pl/cgi-bin/koha/opac-detail.pl?biblionumber=41570
_yKatalog online BPK